[Event "CZE-chT2J 0203"]
[Site "Czech Republic"]
[Date "2003.??.??"]
[Round "5"]
[White "Novy, Vaclav"]
[Black "Kupka, Frantisek"]
[Result "1/2-1/2"]
[WhiteElo "2005"]
[BlackElo "2007"]
[PlyCount "108"]
[EventDate "2002.10.??"]
[EventType "team"]
[EventRounds "11"]
[EventCountry "CZE"]
[SourceTitle "EXT 2007"]
[Source "ChessBase"]
[SourceDate "2006.11.23"]
[SourceVersion "1"]
[SourceVersionDate "2006.11.23"]
[SourceQuality "1"]

1. e4 c5 2. Nc3 Nc6 3. f4 e6 4. Nf3 a6 5. Be2 d5 6. 0-0 dxe4 7. Nxe4 Nf6 8. d3 Be7 9. Qe1 0-0 10. c3 Qd5 11. Ned2 b5 12. Qg3 Nh5 13. Qg4 Nf6 14. Qg3 Nh5 15. Qg4 g6 16. Ne5 Nxe5 17. fxe5 Qxe5 18. Qf3 Ra7 19. Qf2 Ng7 20. Ne4 f5 21. Bf4 Qd5 22. c4 Qc6 23. Ng5 Bd6 24. cxb5 axb5 25. Bxd6 Qxd6 26. Rfc1 Rc7 27. d4 c4 28. a4 Qb6 29. b3 cxb3 30. Rxc7 Qxc7 31. Bxb5 Bb7 32. Re1 Bd5 33. Qh4 h5 34. Qf2 Qb6 35. Nh3 Rf6 36. Nf4 Qb7 37. Nd3 Bc6 38. Bxc6 Qxc6 39. Nc5 Qd5 40. Qb2 Rf7 41. a5 f4 42. Qc3 f3 43. Rf1 fxg2 44. Rxf7 Kxf7 45. Nxb3 Nf5 46. Qc7+ Ne7 47. Qf4+ Nf5 48. Nc5 Qxd4+ 49. Qxd4 Nxd4 50. Kxg2 Ke7 51. a6 Nc6 52. Kf3 Kf6 53. Ke4 g5 54. Nd7+ Ke7 1/2-1/2

[Event "Nachod op 8th"]
[Site "Nachod"]
[Date "2002.??.??"]
[Round "4"]
[White "Kansky, Josef"]
[Black "Kupka, Frantisek"]
[Result "0-1"]
[WhiteElo "1780"]
[BlackElo "1980"]
[PlyCount "108"]
[EventDate "2002.??.??"]
[EventType "swiss"]
[EventRounds "9"]
[EventCountry "CZE"]
[SourceTitle "EXT 2007"]
[Source "ChessBase"]
[SourceDate "2006.11.23"]
[SourceVersion "1"]
[SourceVersionDate "2006.11.23"]
[SourceQuality "1"]

1. Nf3 Nf6 2. g3 d5 3. d4 c6 4. Bg2 Bf5 5. b3 e6 6. Bb2 Bd6 7. Nbd2 0-0 8. 0-0 Nbd7 9. c4 a5 10. Ne5 Qe7 11. Re1 Rfd8 12. e3 Bc7 13. Qe2 Nxe5 14. dxe5 Nd7 15. e4 dxe4 16. Bxe4 Bxe4 17. Nxe4 Nxe5 18. Rad1 Rxd1 19. Rxd1 Ng6 20. Bd4 Rd8 21. Bc5 Rxd1+ 22. Qxd1 Qd8 23. Qxd8+ Bxd8 24. Nd6 b6 25. Nb7 Bc7 26. Bd6 Bxd6 27. Nxd6 Ne5 28. Nc8 b5 29. cxb5 cxb5 30. Nd6 b4 31. Nb7 Nc6 32. Kf1 Kf8 33. Ke2 Ke7 34. f4 Kd7 35. Ke3 f6 36. h3 Kc7 37. Nc5 Kd6 38. Ne4+ Kd5 39. Nd2 e5 40. fxe5 Nxe5 41. g4 Nc6 42. Nc4 g6 43. Nb6+ Ke6 44. Kf4 Ne5 45. Ke3 h6 46. Kd4 f5 47. gxf5+ Kxf5 48. Nc4 Nxc4 49. bxc4 a4 50. c5 Ke6 51. Kc4 g5 52. Kxb4 h5 53. Kb5 Kd7 54. Kb6 Kc8 0-1

[Event "Nachod op 8th"]
[Site "Nachod"]
[Date "2002.??.??"]
[Round "6"]
[White "Kupka, Frantisek"]
[Black "Stanczyk, Lech"]
[Result "1/2-1/2"]
[WhiteElo "1980"]
[BlackElo "2110"]
[PlyCount "153"]
[EventDate "2002.??.??"]
[EventType "swiss"]
[EventRounds "9"]
[EventCountry "CZE"]
[SourceTitle "EXT 2007"]
[Source "ChessBase"]
[SourceDate "2006.11.23"]
[SourceVersion "1"]
[SourceVersionDate "2006.11.23"]
[SourceQuality "1"]

1. e4 d5 2. exd5 Qxd5 3. Nc3 Qa5 4. d4 c6 5. Nf3 Nf6 6. h3 Bf5 7. Bd2 Qc7 8. Bc4 e6 9. 0-0 Bd6 10. Re1 0-0 11. Nh4 Bg6 12. Nxg6 hxg6 13. Bb3 Nbd7 14. Ne4 Nxe4 15. Rxe4 Nf6 16. Re1 Rad8 17. Qf3 c5 18. c3 cxd4 19. cxd4 e5 20. dxe5 Bxe5 21. Rac1 Qb8 22. Rc2 Rfe8 23. g3 b6 24. Rec1 Qa8 25. Qxa8 Rxa8 26. Bc3 Bd6 27. Bd4 Rad8 28. Bxf6 gxf6 29. Kg2 Bc5 30. Bc4 Re4 31. Kf3 Red4 32. Re1 f5 33. b3 Kg7 34. Rce2 a5 35. a4 g5 36. Rh1 f4 37. Rc2 f5 38. g4 Kf6 39. Re1 R8d6 40. Re8 fxg4+ 41. Kxg4 Rc6 42. Rce2 Rdd6 43. Rf8+ Kg6 44. Rg8+ Kh6 45. Rxg5 f3 46. Rh5+ Kg6 47. Ree5 Rd4+ 48. Kxf3 Rf6+ 49. Kg2 Kg7 50. Rhg5+ Kh6 51. Rh5+ Kg7 52. Reg5+ Rg6 53. Rxg6+ Kxg6 54. Re5 Kf6 55. Re2 Kf5 56. Re8 Rd2 57. Re2 Rd4 58. Re3 Rf4 59. Rf3 Kg5 60. Kg3 Bd6 61. Rxf4 Bxf4+ 62. Kf3 Bb8 63. Ke4 Bd6 64. Be6 Bh2 65. f3 Bb8 66. Kd5 Bh2 67. Ke4 Bb8 68. Bd7 Bh2 69. h4+ Kxh4 70. Kf5 Kg3 71. Bc6 Kf2 72. Ke4 Kg3 73. Bd7 Kh4 74. f4 Kh5 75. Kf5 Kh6 76. Be8 Kg7 77. Kg4 1/2-1/2

[Event "CZE-chT2J 0203"]
[Site "Czech Republic"]
[Date "2002.??.??"]
[Round "4"]
[White "Pinc, Miroslav"]
[Black "Kupka, Frantisek"]
[Result "1-0"]
[WhiteElo "2221"]
[BlackElo "2007"]
[PlyCount "141"]
[EventDate "2002.10.??"]
[EventType "team"]
[EventRounds "11"]
[EventCountry "CZE"]
[SourceTitle "EXT 2007"]
[Source "ChessBase"]
[SourceDate "2006.11.23"]
[SourceVersion "1"]
[SourceVersionDate "2006.11.23"]
[SourceQuality "1"]

1. d4 Nf6 2. c4 g6 3. Nc3 Bg7 4. e4 d6 5. f3 0-0 6. Be3 c5 7. Nge2 cxd4 8. Nxd4 Nc6 9. Qd2 Bd7 10. Be2 Nxd4 11. Bxd4 Bc6 12. 0-0 Nd7 13. Be3 a5 14. Nd5 Nc5 15. Rab1 Bxd5 16. Qxd5 Qc7 17. Rfd1 Rfd8 18. Qd2 Qb6 19. Kh1 Qb4 20. Qc2 a4 21. Rd5 Rdc8 22. f4 Rc7 23. e5 dxe5 24. Qd1 Rcc8 25. fxe5 e6 26. Rd6 Qa5 27. Qd4 Qc7 28. Rf1 Ra6 29. Qf4 Rf8 30. Rxa6 Nxa6 31. Bd4 Nc5 32. Bc3 Nd7 33. Bd1 Bxe5 34. Bxe5 Qxe5 35. Bxa4 Qxf4 36. Rxf4 Nc5 37. Bb5 Rd8 38. h3 Rd2 39. b4 Nd3 40. Rf3 Ne5 41. Re3 Nd3 42. a3 Nf4 43. c5 Kf8 44. c6 bxc6 45. Bxc6 Ke7 46. b5 Kd6 47. Rb3 Kc7 48. b6+ Kb8 49. Rb5 Rc2 50. Bf3 Rc4 51. Ra5 Nd5 52. Bxd5 exd5 53. Rxd5 Kb7 54. Rd7+ Kxb6 55. Rxf7 Rh4 56. Kh2 Kb5 57. Kg3 Rh5 58. Rf4 Rd5 59. Rf7 Rg5+ 60. Kf3 Rh5 61. Ra7 Kb6 62. Rf7 Ra5 63. Rxh7 Rxa3+ 64. Kg4 Kc5 65. Rg7 Ra2 66. g3 Ra6 67. Kg5 Ra3 68. Kh4 Ra6 69. g4 Kd5 70. Kg5 Ra3 71. h4 1-0

[Event "Klatovy op-A"]
[Site "Klatovy"]
[Date "2001.??.??"]
[Round "?"]
[White "Loskot, Petr"]
[Black "Kupka, Frantisek"]
[Result "1-0"]
[WhiteElo "1890"]
[BlackElo "2010"]
[PlyCount "97"]
[EventDate "2001.07.??"]
[EventType "swiss"]
[EventRounds "9"]
[EventCountry "CZE"]
[SourceTitle "EXT 2006"]
[Source "ChessBase"]
[SourceDate "2005.11.24"]
[SourceVersion "1"]
[SourceVersionDate "2005.11.24"]
[SourceQuality "1"]

1. e4 c5 2. Nf3 e6 3. d4 cxd4 4. Nxd4 a6 5. Bd3 Nf6 6. 0-0 d6 7. c4 Be7 8. Nc3 0-0 9. Re1 Nbd7 10. b3 Qc7 11. Bb2 b6 12. Rc1 Ne5 13. Bb1 Ng6 14. Nce2 Bb7 15. Ng3 Rad8 16. Qe2 Rfe8 17. Kh1 Qb8 18. Ba3 Qa8 19. h3 Nd7 20. Qe3 d5 21. Bxe7 Nxe7 22. cxd5 exd5 23. e5 Nf8 24. Nh5 Neg6 25. Qg5 h6 26. Qg3 Rc8 27. f4 Rxc1 28. Rxc1 Qd8 29. f5 Qh4 30. fxg6 Qxh5 31. gxf7+ Qxf7 32. Nf5 Re6 33. Nd6 Qe7 34. Nxb7 Qxb7 35. Bf5 Re8 36. e6 Re7 37. Qd6 g6 38. Bg4 h5 39. Bf3 Kg7 40. Bxd5 Qa7 41. Rc6 a5 42. Rxb6 Qc7 43. Qxc7 Rxc7 44. Rb5 Ra7 45. Rxa5 Rxa5 46. e7 Rxd5 47. e8Q Rf5 48. b4 Kh6 49. b5 1-0

[Event "Klatovy op-A"]
[Site "Klatovy"]
[Date "2001.??.??"]
[Round "?"]
[White "Mejzlik, Ondrej"]
[Black "Kupka, Frantisek"]
[Result "1/2-1/2"]
[WhiteElo "1855"]
[BlackElo "2010"]
[PlyCount "154"]
[EventDate "2001.07.??"]
[EventType "swiss"]
[EventRounds "9"]
[EventCountry "CZE"]
[SourceTitle "EXT 2006"]
[Source "ChessBase"]
[SourceDate "2005.11.24"]
[SourceVersion "1"]
[SourceVersionDate "2005.11.24"]
[SourceQuality "1"]

1. c4 Nf6 2. Nc3 e5 3. g3 Bb4 4. Bg2 Bxc3 5. bxc3 0-0 6. e4 c6 7. d3 d5 8. cxd5 cxd5 9. Bg5 dxe4 10. Bxe4 h6 11. Bxf6 Qxf6 12. Bg2 Nc6 13. Ne2 Bg4 14. 0-0 Bf3 15. Rb1 b6 16. Re1 Rfd8 17. Qc2 Rac8 18. Rbd1 Nd4 19. Nxd4 Bxd1 20. Qxd1 exd4 21. c4 Re8 22. Bb7 Rcd8 23. Re4 Rxe4 24. Bxe4 Re8 25. Qa4 Re7 26. Qa6 Qe5 27. Qc8+ Re8 28. Qd7 a5 29. Kg2 Rf8 30. Qb7 Qd6 31. Bd5 g6 32. h4 h5 33. a4 Kg7 34. Kf1 Qb8 35. Qd7 Qd8 36. Qb7 Qd6 37. Kg2 Kf6 38. Kf1 Kg7 39. Kg2 Qf6 40. Kf1 Re8 41. Be4 Re7 42. Qb8 Rd7 43. Kg2 Qd6 44. Qc8 Re7 45. Qa8 Re6 46. Qb7 Qe7 47. Qa8 Qa3 48. Qd5 Qb2 49. Bf3 Qc3 50. Be4 Qa1 51. Qd7 Rf6 52. Bf3 Qa3 53. Be4 Qd6 54. Qb7 Qb4 55. Qd7 Rd6 56. Qe8 Re6 57. Qd7 Rxe4 58. dxe4 Qxc4 59. e5 d3 60. Qd6 d2 61. Qxd2 Qxa4 62. Qd6 Qb3 63. f4 b5 64. Qd4 Kh7 65. Qe4 Qc4 66. Qb7 b4 67. Kh3 a4 68. f5 gxf5 69. Qd7 Kg7 70. Qxa4 Qc3 71. Kh2 b3 72. Qf4 Qc2+ 73. Kh3 Qd3 74. Qg5+ Kf8 75. Qh6+ Ke8 76. Qc6+ Qd7 77. Qa8+ Qd8 1/2-1/2

[Event "Klatovy op-A"]
[Site "Klatovy"]
[Date "2001.??.??"]
[Round "?"]
[White "Palek, Miroslav"]
[Black "Kupka, Frantisek"]
[Result "1/2-1/2"]
[WhiteElo "2215"]
[BlackElo "2010"]
[PlyCount "101"]
[EventDate "2001.07.??"]
[EventType "swiss"]
[EventRounds "9"]
[EventCountry "CZE"]
[SourceTitle "EXT 2006"]
[Source "ChessBase"]
[SourceDate "2005.11.24"]
[SourceVersion "1"]
[SourceVersionDate "2005.11.24"]
[SourceQuality "1"]

1. e4 d5 2. exd5 Nf6 3. Bb5+ Bd7 4. Bc4 Bg4 5. Nf3 Nxd5 6. Nc3 e6 7. 0-0 Be7 8. d4 0-0 9. Ne4 Nc6 10. c3 Nb6 11. Bb3 Bf5 12. Qe2 a6 13. Bf4 Nd5 14. Bg3 Nf6 15. Nxf6+ Bxf6 16. Rfd1 Re8 17. a3 h6 18. Ne5 Bxe5 19. dxe5 Qe7 20. Rd2 Red8 21. Rad1 Rxd2 22. Rxd2 Rd8 23. f4 Rxd2 24. Qxd2 Qd8 25. Be1 Qxd2 26. Bxd2 Na5 27. Ba2 b5 28. Kf2 Kf8 29. b4 Nc4 30. Bxc4 bxc4 31. Ke3 Ke8 32. Kd4 Bd3 33. Kc5 Kd7 34. a4 Bc2 35. a5 Ba4 36. Kxc4 Kc6 37. Be3 Bb5+ 38. Kd4 Be2 39. c4 h5 40. Kc3 Bf1 41. g3 Kb7 42. Bc5 g6 43. Kd4 Be2 44. Bf8 Kc6 45. Bc5 Kb7 46. h3 Bf1 47. b5 axb5 48. cxb5 Bxb5 49. g4 hxg4 50. hxg4 Be2 51. g5 1/2-1/2

[Event "Klatovy op-A"]
[Site "Klatovy"]
[Date "2000.??.??"]
[Round "?"]
[White "Koutecky, Vaclav"]
[Black "Kupka, Frantisek"]
[Result "1-0"]
[WhiteElo "2060"]
[BlackElo "1945"]
[PlyCount "81"]
[EventDate "2000.??.??"]
[EventType "swiss"]
[EventRounds "9"]
[EventCountry "CZE"]
[SourceTitle "EXT 2003"]
[Source "ChessBase"]
[SourceDate "2002.11.25"]
[SourceVersion "1"]
[SourceVersionDate "2002.11.25"]
[SourceQuality "1"]

1. e4 c5 2. Nf3 e6 3. c4 Qc7 4. Nc3 Nc6 5. Be2 Nf6 6. 0-0 Be7 7. d4 cxd4 8. Nxd4 a6 9. Be3 d6 10. Rc1 Ne5 11. f4 Ng6 12. Qe1 0-0 13. Qg3 Kh8 14. Nf3 Nh5 15. Qg4 Nhxf4 16. Bxf4 e5 17. Nd5 Bxg4 18. Nxc7 Nxf4 19. Kf2 Rac8 20. Nd5 Nxd5 21. exd5 Bd8 22. h3 Bd7 23. b4 Bb6+ 24. Ke1 f6 25. Nd2 Be3 26. Rc3 Bxd2+ 27. Kxd2 b6 28. Ra3 Ra8 29. c5 bxc5 30. bxc5 dxc5 31. Rxa6 Rxa6 32. Bxa6 Rd8 33. Kc3 Bf5 34. Rxf5 Rxd5 35. a4 Rd6 36. Bc4 g6 37. Rf2 Kg7 38. a5 Rd7 39. a6 f5 40. Rb2 Kf6 41. Rb7 1-0